000 01101nam a22002057a 4500
005 20160809163621.0
010 _aENG-115646-647
020 _c1295.00 (Per vol.)
_a9789351436775(v.12)
020 _c1295.00 (Per vol.)
_a9788180387968(v.13)
035 _aEN-96436-439
037 _bDBAD/PUB
082 _a346.54
245 _aThe MLJ civil court manual :
_bcentral acts with important rules
250 _a14th ed
260 _aGurgaon
_bLexisNexis
_c2015
270 _a14th Floor, Building No.10, Tower-B, DLF Cyber City, Phase-II,
_bGurgaon
_e122002
300 _aV.12-13 (xvi,690;xvi,424p.)
_c25cm(Hb)
505 _av.-12 Constitution of India Artical 226(Not161) to 307 including extracts from the Constitution Assembly Debates.edited by M.L. Singhal v.10- Constitution of India article 22 to 213 including select extracts from the constituent assembly debates ; edited by M.L. Singhal v.11-Constitution of India articles 308 to Twelfth Schedule including select extracts from the constituent assembly debates ; edited by M.L. Singhal
942 _2ddc
_cEN
_h346.54
_mMLJ
999 _c101839
_d101839